| 000 | 00918nam a2200217 i 4500 | ||
|---|---|---|---|
| 001 | bg | ||
| 100 | 1 | _aFLORIAŃCZYK, Zbigniew | |
| 245 | 1 | 0 |
_aKwestia dochodów osób zatrudnionych w rolnictwie w krajach Unii Europejskiej / _cZbigniew Floriańczyk. |
| 260 |
_aWarszawa : _bIERiGŻ, _c2003. |
||
| 300 |
_a35, [1] s. : _bil. ; _c21 cm. |
||
| 490 | 1 |
_aKomunikaty, Raporty, Ekspertyzy / Instytut Ekonomiki Rolnictwa i Gospodarki Żywnościowej, _x0239-8591 ; _v484 |
|
| 650 | 9 |
_aDochody indywidualne _xrolnictwo _zkraje Unii Europejskiej |
|
| 650 | 9 |
_aGospodarstwo rolne _xekonomika _zkraje Unii Europejskiej |
|
| 650 | 9 | _aWspólna Polityka Rolna UE | |
| 830 | 0 |
_aKomunikaty, Raporty, Ekspertyzy (Instytut Ekonomiki Rolnictwa i Gospodarki Żywnościowej) ; _v484 |
|
| 040 | _cBPK | ||
| 041 | 0 | _apol | |
| 080 | _a631.115.1:330.567.28:338.43](4-67)"1989/..." | ||
| 942 | _cKS | ||
| 008 | s pl f |000 0 pol | ||
| 999 |
_c35422 _d35422 |
||
| 856 |
_uhttp://koha.tu.koszalin.pl/cgi-bin/koha/opac-detail.pl?biblionumber=35422 _yKatalog online BPK |
||